Quiz wiedzy ogólnej społeczności #2 - Statystyki

Ogólne statystyki
  • Ten quiz został rozwiązany 85 razy
  • Średni wynik to 6 z 18
Statystyki odpowiedzi
Pytanie Odpowiedź % Poprawnych
Od jakich trzech słów zaczyna się inwokacja Pana Tadeusza? "Litwo, Ojczyzno moja!"
88%
Jaka jest stolica Azerbejdżanu? Baku
74%
Który język jest najczęściej używany na świecie jako pierwszy język? mandaryński
72%
Jak nazywa się dziedzina medycyny zajmująca się schorzeniami i układu sercowo-naczyniowego? kardiologia
63%
Jaka piosenka Lady Panka zaczyna się od słów "Stała pod ścianą, sącząc kakao"? "Na co komu dziś"
55%
Co słynnego wynalazł Ignacy Łukasiewicz? lampę naftową
47%
Jak nazywa się król strzelców mundialu 1974? Grzegorz Lato
42%
Ile to 11 do potęgi 3? 1331
41%
Odmianą której potrawy jest maki? sushi
38%
Jaki polityk jest prezesem partii "Nowa Nadzieja"? Sławomir Mentzen
30%
Jaka waluta obowiązuje w Tajlandii? Bat
24%
Który skoczek narciarski wygrał najwięcej konkursów Pucharu Świata? Gregor Schlierenzauer
18%
Jak nazywa się miejscowość, w której wysiadł Stanisław Wokulski w "Lalce"? Skierniewice
12%
Jak nazywa się strefa krajobrazowa, w której znajduje się największa roczna amplituda temperatur? tajga
12%
Jak nazywa się sfera otaczająca czarną dziurę lub tunel czasoprzestrzenny, przez którą można się przedostać tylko w jedną stronę? horyzont zdarzeń
9%
Kto jest redaktorem naczelnym magazynu Vogue? Anna Wintour
5%
Jak nazywany jest ostateczny boss w grze Terraria? Moon Lord
5%
Jak nazywa się pierwsza kronika napisana przez Williama Szekspira? "Henryk VI", część 3
0%
Nie znaleziono quizów pasujących do podanych kryteriów
Rozkład punktacji
Procent ludzi z każdym wynikiem
Percentyl według liczby udzielonych odpowiedzi
Twoja historia wyników
Nie rozwiązałeś tego quizu